[Event "Quebec op"]
[Site "Ste-Foy CAN"]
[Date "2017.08.17"]
[Round "7"]
[White "Lesiege, Alexandre"]
[Black "Sambuev, Bator"]
[Result "1-0"]
[WhiteElo "2517"]
[BlackElo "2522"]
[WhiteFideId "-1"]
[WhiteFideId "-1"]
[PlyCount "97"]
[GameId "2160767908347280"]
[EventDate "2017.08.12"]
[EventType "swiss"]
[EventRounds "9"]
[EventCountry "CAN"]
[SourceTitle "CBM 180 Extra"]
[Source "ChessBase"]
[SourceDate "2017.10.06"]
[SourceVersion "1"]
[SourceVersionDate "2017.10.06"]
[SourceQuality "1"]

1. d4 d5 2. c4 e6 3. Nf3 c6 4. e3 Bd6 5. Bd3 f5 6. O-O Nf6 7. b3 Qe7 8. Bb2 O-O 9. Nc3 a6 10. Rc1 Nbd7 11. Ne2 b6 12. Nf4 Bb7 13. Ng5 Bxf4 14. exf4 c5 15. Re1 Ne4 16. cxd5 Nxg5 17. fxg5 Qxg5 18. h4 Qxh4 19. dxe6 Nf6 20. Qd2 f4 21. d5 Ng4 22. Be4 Rae8 23. Rc3 Qh2+ 24. Kf1 Qh1+ 25. Ke2 Qh4 26. f3 Nf6 27. Rd3 Nxe4 28. fxe4 Qg4+ 29. Kf2 Qh4+ 30. Kg1 f3 31. Qf2 Qxf2+ 32. Kxf2 fxg2+ 33. Kxg2 g5 34. Be5 h5 35. Bd6 Rf6 36. Rf3 Rfxe6 37. dxe6 Rxe6 38. Rf8+ Kg7 39. Rd8 Kg6 40. Bc7 Bxe4+ 41. Kh2 Kf5 42. Rf1+ Kg4 43. Rg1+ Kf3 44. Rxg5 Bb1 45. Rf8+ Ke3 46. Rf1 Be4 47. Re5 Rxe5 48. Bxe5 b5 49. Rc1 1-0

[Event "Quebec op"]
[Site "Ste-Foy CAN"]
[Date "2017.08.18"]
[Round "8"]
[White "Beaulieu, Eric"]
[Black "Lesiege, Alexandre"]
[Result "1/2-1/2"]
[WhiteElo "2154"]
[BlackElo "2517"]
[WhiteFideId "-1"]
[WhiteFideId "-1"]
[PlyCount "74"]
[GameId "2160767908347297"]
[EventDate "2017.08.12"]
[EventType "swiss"]
[EventRounds "9"]
[EventCountry "CAN"]
[SourceTitle "CBM 180 Extra"]
[Source "ChessBase"]
[SourceDate "2017.10.06"]
[SourceVersion "1"]
[SourceVersionDate "2017.10.06"]
[SourceQuality "1"]

1. d4 d5 2. c4 e6 3. Nc3 c6 4. e3 Nf6 5. Nf3 Nbd7 6. Qc2 Bd6 7. Bd3 O-O 8. O-O dxc4 9. Bxc4 a6 10. a3 h6 11. Ne4 Nxe4 12. Qxe4 c5 13. Bd3 Nf6 14. Qh4 cxd4 15. exd4 Re8 16. Re1 Nd5 17. Qe4 f5 18. Qe2 b5 19. Ne5 Bb7 20. Bd2 Qh4 21. Nf3 Qg4 22. h3 Qg6 23. Nh4 Qf6 24. Nf3 Ne7 25. Ne5 Ng6 26. Nxg6 Qxg6 27. f4 Rad8 28. Be3 Bc7 29. a4 Bb6 30. axb5 a5 31. Bc4 Kh8 32. Kh2 Qf6 33. Qf2 g5 34. Rac1 g4 35. g3 gxh3 36. Kxh3 Re7 37. Be2 Rdd7 1/2-1/2

[Event "Quebec op"]
[Site "Ste-Foy CAN"]
[Date "2017.08.19"]
[Round "9.2"]
[White "Lesiege, Alexandre"]
[Black "Perez Rodriguez, Luis Manuel"]
[Result "1/2-1/2"]
[WhiteElo "2517"]
[BlackElo "2364"]
[WhiteFideId "-1"]
[WhiteFideId "-1"]
[PlyCount "50"]
[GameId "2160767908347315"]
[EventDate "2017.08.12"]
[EventType "swiss"]
[EventRounds "9"]
[EventCountry "CAN"]

1. e4 e5 2. Nf3 Nc6 3. Bb5 a6 4. Ba4 Nf6 5. O-O b5 6. Bb3 Be7 7. Re1 O-O 8. a4 Bb7 9. d3 Re8 10. c3 h6 11. Bd2 Bf8 12. axb5 axb5 13. Na3 Bxa3 14. Rxa3 Rxa3 15. bxa3 d5 16. exd5 Nxd5 17. Ba2 Nb6 18. Qb3 Re6 19. Qxb5 Rg6 20. Re3 Qd6 21. a4 Qa3 22. Qb3 Qe7 23. g3 Rf6 24. Bc1 Qd7 25. Qb5 Qg4 1/2-1/2

[Event "CAN-ch"]
[Site "Montreal CAN"]
[Date "2017.06.27"]
[Round "1.2"]
[White "Lesiege, Alexandre"]
[Black "Oussedik, Elias"]
[Result "1-0"]
[WhiteElo "2525"]
[BlackElo "2155"]
[WhiteFideId "-1"]
[WhiteFideId "-1"]
[PlyCount "97"]
[GameId "2160767908410823"]
[EventDate "2017.06.27"]
[EventType "swiss"]
[EventRounds "9"]
[EventCountry "CAN"]
[WhiteTeam "Kanada"]
[BlackTeam "Kanada"]
[WhiteTeamCountry "CAN"]
[BlackTeamCountry "CAN"]

1. d4 e6 2. c4 Nf6 3. Nc3 c5 4. d5 exd5 5. cxd5 d6 6. e4 g6 7. Nge2 Bg7 8. Ng3 a6 9. a4 h5 10. Be2 Nbd7 11. Bg5 Qa5 12. Bd2 Qc7 13. Nf1 O-O 14. Ne3 Ne5 15. h3 Re8 16. O-O c4 17. Qc2 Rb8 18. a5 Bd7 19. Na4 Bxa4 20. Rxa4 b5 21. axb6 Qxb6 22. Bc3 Ned7 23. Nxc4 Qc5 24. Bd3 Rbc8 25. Rfa1 Qc7 26. Rxa6 Nc5 27. Rc6 Qe7 28. Nxd6 Rxc6 29. Nxe8 Rc8 30. Nxg7 Kxg7 31. Re1 Kh7 32. Qe2 Kg8 33. Bc2 Re8 34. Bb4 Nxd5 35. Ba3 Nf4 36. Qf3 Qg5 37. h4 Qe5 38. Qc3 Qxc3 39. bxc3 Rc8 40. g3 Nfd3 41. Rd1 Ne5 42. Rd5 Ne6 43. Bb4 Nc6 44. Bd6 Ra8 45. e5 Ra1+ 46. Rd1 Ra5 47. f4 Ra2 48. Be4 Na7 49. Rb1 1-0

[Event "CAN-ch"]
[Site "Montreal CAN"]
[Date "2017.06.27"]
[Round "2.2"]
[White "Kleinman, Michael"]
[Black "Lesiege, Alexandre"]
[Result "0-1"]
[WhiteElo "2344"]
[BlackElo "2525"]
[WhiteFideId "-1"]
[WhiteFideId "-1"]
[PlyCount "144"]
[GameId "2160767908410837"]
[EventDate "2017.06.27"]
[EventType "swiss"]
[EventRounds "9"]
[EventCountry "CAN"]

1. e4 e5 2. Nf3 Nc6 3. Bb5 a6 4. Ba4 Nf6 5. O-O Be7 6. Re1 b5 7. Bb3 O-O 8. a4 b4 9. d4 d6 10. dxe5 dxe5 11. Nbd2 Bc5 12. a5 Bb7 13. Bc4 h6 14. h3 Qe7 15. c3 Ba7 16. Qe2 Nh5 17. Bd5 Nf4 18. Qc4 Qd6 19. Nb3 Nxd5 20. Qxd5 Bc8 21. Be3 Be6 22. Qxd6 cxd6 23. Nfd2 bxc3 24. bxc3 Rfb8 25. Reb1 Bxe3 26. fxe3 Kf8 27. Kf2 Ra7 28. Ke2 Rab7 29. Ra3 Rc7 30. Kd3 Rbc8 31. Nc1 Nxa5 32. Rxa5 Rxc3+ 33. Ke2 Rxc1 34. Rxc1 Rxc1 35. Rxa6 Ke7 36. Ra7+ Bd7 37. Rb7 Ke6 38. Rb6 Rc3 39. Kf2 Bc6 40. Ke2 Kd7 41. Rb2 Ra3 42. Nc4 Ra1 43. Kf2 Rc1 44. Nd2 h5 45. Ra2 g6 46. Ke2 Ke6 47. Kf2 Rc5 48. g4 Rb5 49. Ke2 Rb4 50. Kd3 Rb8 51. Ke2 hxg4 52. hxg4 Rh8 53. Kf2 Bxe4 54. Kg3 Bd5 55. Ra6 Rc8 56. e4 Rc3+ 57. Kh4 Bb7 58. Rb6 Rd3 59. Nb3 Rxb3 60. Rxb3 Bxe4 61. Kg3 f5 62. gxf5+ gxf5 63. Rb8 Kf6 64. Rd8 Ke6 65. Kf2 f4 66. Ke2 Bg6 67. Kf3 Bh5+ 68. Ke4 Bg6+ 69. Kf3 d5 70. Rg8 Bh5+ 71. Kf2 Kf5 72. Rf8+ Ke4 0-1

[Event "CAN-ch"]
[Site "Montreal CAN"]
[Date "2017.06.28"]
[Round "3.2"]
[White "Lesiege, Alexandre"]
[Black "Noritsyn, Nikolay"]
[Result "0-1"]
[WhiteElo "2525"]
[BlackElo "2473"]
[WhiteFideId "-1"]
[WhiteFideId "-1"]
[PlyCount "68"]
[GameId "2160767908410851"]
[EventDate "2017.06.27"]
[EventType "swiss"]
[EventRounds "9"]
[EventCountry "CAN"]

1. Nf3 e6 2. g3 d5 3. Bg2 b5 4. O-O Nf6 5. d3 Bb7 6. Nbd2 Be7 7. e4 c5 8. Re1 Nc6 9. exd5 Nxd5 10. a3 O-O 11. Ne4 Qb6 12. Bd2 c4 13. dxc4 bxc4 14. Rb1 Rad8 15. Qc1 e5 16. Nc3 Bc5 17. Ne4 Rfe8 18. Nxc5 Qxc5 19. b4 Qd6 20. b5 Nd4 21. Nxd4 exd4 22. Ba5 Rc8 23. Qd2 Qxa3 24. Red1 d3 25. Ra1 Qb2 26. cxd3 c3 27. Qxb2 cxb2 28. Rab1 Rc2 29. Bf1 Rec8 30. Bh3 R8c5 31. Re1 g6 32. Bd7 Nc3 33. Bxc3 R5xc3 34. Bc6 Rc1 0-1

[Event "CAN-ch"]
[Site "Montreal CAN"]
[Date "2017.06.28"]
[Round "4"]
[White "Lesiege, Alexandre"]
[Black "Song, Ziyuan"]
[Result "1-0"]
[WhiteElo "2525"]
[BlackElo "2182"]
[WhiteFideId "-1"]
[WhiteFideId "-1"]
[PlyCount "87"]
[GameId "2160767908410862"]
[EventDate "2017.06.27"]
[EventType "swiss"]
[EventRounds "9"]
[EventCountry "CAN"]
[SourceTitle "CBM 179 Extra"]
[Source "ChessBase"]
[SourceDate "2017.08.23"]
[SourceVersion "1"]
[SourceVersionDate "2017.08.23"]
[SourceQuality "1"]

1. d4 Nf6 2. c4 Nc6 3. Nf3 e6 4. Nc3 Bb4 5. Qc2 d6 6. Bd2 e5 7. dxe5 dxe5 8. a3 Bd6 9. Bg5 Nd4 10. Nxd4 exd4 11. Nb5 h6 12. Bxf6 Qxf6 13. Qe4+ Be6 14. g3 O-O 15. Nxd6 cxd6 16. Rd1 Bxc4 17. Qxd4 Qe6 18. f3 Rfe8 19. Kf2 d5 20. Rd2 Re7 21. Bg2 Rae8 22. Re1 b6 23. f4 Qg4 24. e3 Qh5 25. h4 Rd8 26. Qc3 Red7 27. Rd4 f5 28. Bf3 Qf7 29. Red1 a5 30. b3 Ba6 31. Qc6 Qf6 32. Qxf6 gxf6 33. Bxd5+ Kg7 34. Be6 Rxd4 35. Rxd4 Rxd4 36. exd4 Bd3 37. d5 Bc2 38. d6 Kf8 39. Ke3 b5 40. Kd4 a4 41. b4 Ke8 42. Kc5 Bd3 43. Bd5 Bc4 44. Bc6+ 1-0

[Event "CAN-ch"]
[Site "Montreal CAN"]
[Date "2017.06.29"]
[Round "5.3"]
[White "Thavandiran, Shiyam"]
[Black "Lesiege, Alexandre"]
[Result "1-0"]
[WhiteElo "2363"]
[BlackElo "2525"]
[WhiteFideId "-1"]
[WhiteFideId "-1"]
[PlyCount "79"]
[GameId "2160767908410880"]
[EventDate "2017.06.27"]
[EventType "swiss"]
[EventRounds "9"]
[EventCountry "CAN"]

1. e4 e5 2. Nf3 Nc6 3. Bc4 Nf6 4. d3 Be7 5. O-O O-O 6. c3 d5 7. exd5 Nxd5 8. Re1 Bg4 9. Nbd2 Kh8 10. h3 Bh5 11. Nf1 f6 12. Ng3 Bf7 13. Bb5 Nb6 14. Bxc6 bxc6 15. d4 exd4 16. Qxd4 Re8 17. Bf4 Nd5 18. Nf5 Bf8 19. Bg3 Qd7 20. Ne3 Qc8 21. b3 a5 22. c4 Nb4 23. Qc3 Na6 24. Nc2 Nb4 25. Rxe8 Bxe8 26. Ne3 Qb7 27. Nd4 Bf7 28. a3 c5 29. Nb5 Nc6 30. Rd1 Nd4 31. Nxd4 cxd4 32. Rxd4 Be6 33. Nd5 c5 34. Rd3 Bf5 35. Re3 a4 36. bxa4 Rxa4 37. Nxf6 Qf7 38. Nd5 Be6 39. Qe5 Bxd5 40. Qxd5 1-0

[Event "Trois-Riveres op"]
[Site "Trois-Rivieres CAN"]
[Date "2017.03.17"]
[Round "1"]
[White "Lesiege, Alexandre"]
[Black "Laptos, Krzysztof"]
[Result "1-0"]
[WhiteElo "2592"]
[BlackElo "2190"]
[WhiteFideId "-1"]
[WhiteFideId "-1"]
[PlyCount "77"]
[GameId "2160767908478094"]
[EventDate "2017.03.17"]
[EventType "swiss"]
[EventRounds "5"]
[EventCountry "CAN"]
[SourceTitle "EXT 2022"]
[Source "ChessBase"]
[SourceDate "2021.10.06"]
[SourceVersion "1"]
[SourceVersionDate "2021.10.06"]
[SourceQuality "1"]

1. d4 d6 2. Nf3 Bg4 3. e4 Nf6 4. Nc3 e6 5. Be2 c6 6. O-O Be7 7. Be3 O-O 8. d5 Bxf3 9. Bxf3 cxd5 10. exd5 e5 11. Be2 Nbd7 12. a4 Qa5 13. Qd2 Rfc8 14. Rfb1 Qd8 15. a5 a6 16. Qd1 Qc7 17. Rc1 Re8 18. Na4 Bf8 19. b4 Ne4 20. c4 Rac8 21. Bg4 Nef6 22. Bh3 Rcd8 23. c5 dxc5 24. bxc5 Nb8 25. d6 Qc6 26. Bg5 Nbd7 27. Bxd7 Qxd7 28. Bxf6 gxf6 29. Nb6 Qf5 30. Qd5 Bh6 31. Rc3 Rb8 32. Rg3+ Bg7 33. Rf3 Qe6 34. Rb1 Red8 35. Rfb3 Bf8 36. Qd2 Kh8 37. Qd5 Qxd5 38. Nxd5 Rbc8 39. Nc7 1-0

[Event "Trois-Riveres op"]
[Site "Trois-Rivieres CAN"]
[Date "2017.03.18"]
[Round "2.1"]
[White "Bolduc, Steve"]
[Black "Lesiege, Alexandre"]
[Result "1/2-1/2"]
[WhiteElo "2242"]
[BlackElo "2592"]
[WhiteFideId "-1"]
[WhiteFideId "-1"]
[PlyCount "65"]
[GameId "2160767908478106"]
[EventDate "2017.03.17"]
[EventType "swiss"]
[EventRounds "5"]
[EventCountry "CAN"]
[SourceTitle "hb 2017"]

1. d4 Nf6 2. Bg5 d5 3. Bxf6 gxf6 4. e3 c5 5. Nc3 Nc6 6. Qh5 cxd4 7. exd4 e6 8. O-O-O f5 9. Nf3 Qf6 10. Be2 Bd7 11. h4 Rc8 12. Rhe1 Bb4 13. Rd3 Bxc3 14. Rxc3 Nxd4 15. Nxd4 Qxd4 16. Bb5 Rxc3 17. Bxd7+ Ke7 18. bxc3 Qxc3 19. Re3 Qa1+ 20. Kd2 Qd4+ 21. Ke2 Qc4+ 22. Kd2 Rd8 23. Bxe6 Qd4+ 24. Ke1 fxe6 25. Qxh7+ Kd6 26. Qxb7 Qc4 27. Qxa7 Qb4+ 28. c3 Qb1+ 29. Ke2 Rb8 30. Rd3 Rb2+ 31. Rd2 Rxd2+ 32. Kxd2 Qb2+ 33. Kd3 1/2-1/2

[Event "Trois-Riveres op"]
[Site "Trois-Rivieres CAN"]
[Date "2017.03.18"]
[Round "3.2"]
[White "Lesiege, Alexandre"]
[Black "Beaulieu, Eric"]
[Result "1/2-1/2"]
[WhiteElo "2592"]
[BlackElo "2222"]
[WhiteFideId "-1"]
[WhiteFideId "-1"]
[PlyCount "57"]
[GameId "2160767908478122"]
[EventDate "2017.03.17"]
[EventType "swiss"]
[EventRounds "5"]
[EventCountry "CAN"]
[SourceTitle "hb 2017"]

1. d4 d5 2. c4 e6 3. Nf3 Nf6 4. g3 Be7 5. Bg2 O-O 6. O-O dxc4 7. Qc2 a6 8. a4 Bd7 9. Qxc4 Bc6 10. Bf4 Nbd7 11. Nc3 Rc8 12. a5 Nd5 13. Rfd1 Nxf4 14. gxf4 Nf6 15. Qd3 Bd6 16. Ne5 Bxg2 17. Kxg2 c5 18. dxc5 Bxc5 19. Qxd8 Rfxd8 20. Rxd8+ Rxd8 21. Ra4 Rd4 22. Nd3 Ba7 23. Ra3 Kf8 24. Kf3 Ke7 25. b4 Nd5 26. Nxd5+ Rxd5 27. Rc3 Kd8 28. Rc4 g6 29. h3 1/2-1/2

[Event "Trois-Riveres op"]
[Site "Trois-Rivieres CAN"]
[Date "2017.03.19"]
[Round "4.3"]
[White "Lesiege, Alexandre"]
[Black "Ouellet, Maili-Jade"]
[Result "1-0"]
[WhiteElo "2592"]
[BlackElo "2210"]
[WhiteFideId "-1"]
[WhiteFideId "-1"]
[PlyCount "45"]
[GameId "2160767908478137"]
[EventDate "2017.03.17"]
[EventType "swiss"]
[EventRounds "5"]
[EventCountry "CAN"]
[SourceTitle "EXT 2022"]
[Source "ChessBase"]
[SourceDate "2021.10.06"]
[SourceVersion "1"]
[SourceVersionDate "2021.10.06"]
[SourceQuality "1"]

1. d4 d5 2. c4 e6 3. Nc3 Be7 4. Nf3 Nf6 5. Bf4 O-O 6. e3 Nbd7 7. Be2 c5 8. cxd5 Nxd5 9. Nxd5 exd5 10. O-O Nf6 11. dxc5 Bxc5 12. Rc1 Ne4 13. Nd2 Be7 14. Nxe4 dxe4 15. Qa4 f5 16. Rc7 Bd6 17. Rd1 Qxc7 18. Bxd6 Qf7 19. Bxf8 Qxf8 20. Bc4+ Kh8 21. Qb4 Qf6 22. Rd6 Qf8 23. Qd2 1-0

[Event "Trois-Riveres op"]
[Site "Trois-Rivieres CAN"]
[Date "2017.03.19"]
[Round "5.1"]
[White "Duong, Thanh Nha"]
[Black "Lesiege, Alexandre"]
[Result "0-1"]
[WhiteElo "2250"]
[BlackElo "2592"]
[WhiteFideId "-1"]
[WhiteFideId "-1"]
[PlyCount "124"]
[GameId "2160767908478149"]
[EventDate "2017.03.17"]
[EventType "swiss"]
[EventRounds "5"]
[EventCountry "CAN"]
[SourceTitle "EXT 2022"]
[Source "ChessBase"]
[SourceDate "2021.10.06"]
[SourceVersion "1"]
[SourceVersionDate "2021.10.06"]
[SourceQuality "1"]

1. Nf3 Nf6 2. d4 d5 3. Bf4 c5 4. e3 Nc6 5. c3 Qb6 6. Qc1 Bf5 7. Be2 e6 8. Nbd2 Rc8 9. a3 cxd4 10. exd4 Be7 11. O-O O-O 12. Be3 Ng4 13. Bf4 h6 14. h3 Nf6 15. Be3 Qc7 16. Re1 Bd6 17. Qd1 Bh7 18. Rc1 Qd8 19. Nf1 Bb8 20. Bd3 Ne4 21. c4 dxc4 22. Bxc4 Nf6 23. Bd3 Bxd3 24. Qxd3 e5 25. Qd1 e4 26. N3d2 Re8 27. b4 Nd5 28. b5 Na5 29. Rxc8 Qxc8 30. Qa4 b6 31. Nb1 Bd6 32. Rc1 Qd7 33. Bd2 a6 34. Qc2 axb5 35. Bxa5 bxa5 36. Qc6 Qxc6 37. Rxc6 Bf8 38. Ne3 Nf4 39. Kf1 Rd8 40. g3 Nd3 41. Nd2 b4 42. axb4 axb4 43. Nxe4 Rxd4 44. Rc4 Rd8 45. Ke2 b3 46. Nc3 Nc1+ 47. Ke1 Bb4 48. Ned1 Na2 49. Ke2 Bxc3 50. Nxc3 Nxc3+ 51. Rxc3 Rb8 52. Rc1 Kh7 53. Rb1 b2 54. Kd2 Kg6 55. Kc3 Kf5 56. f3 h5 57. h4 f6 58. Rxb2 Rxb2 59. Kxb2 g5 60. hxg5 fxg5 61. g4+ hxg4 62. fxg4+ Kxg4 0-1

[Event "PRO League KO Stage"]
[Site "Chess.com INT"]
[Date "2017.03.08"]
[Round "2"]
[White "Arnold, Marc Tyler"]
[Black "Lesiege, Alexandre"]
[Result "0-1"]
[WhiteElo "2524"]
[BlackElo "2525"]
[WhiteFideId "-1"]
[WhiteFideId "-1"]
[PlyCount "100"]
[GameId "1096181902217216"]
[EventDate "2017.03.01"]
[EventType "team-k.o. (rapid)"]
[EventRounds "5"]
[EventCountry "USA"]
[SourceTitle "CBM 177 Extra"]
[Source "ChessBase"]
[SourceDate "2017.04.27"]
[SourceVersion "1"]
[SourceVersionDate "2017.04.27"]
[SourceQuality "1"]
[WhiteTeam "Montclair Sopranos"]
[BlackTeam "Montreal ChessBrahs"]
[WhiteTeamCountry "USA"]
[BlackTeamCountry "CAN"]

1. Nf3 Nf6 2. c4 c5 3. Nc3 Nc6 4. e3 e5 5. Qc2 Be7 6. a3 h6 7. Bd3 d6 8. Rb1 a5 9. Ne4 Be6 10. b3 Nxe4 11. Bxe4 O-O 12. Bb2 f5 13. Bd5 Bxd5 14. cxd5 Nb8 15. d3 Nd7 16. Nd2 b5 17. a4 Nb6 18. e4 Qd7 19. Ra1 Bg5 20. Bc3 b4 21. Bb2 Bxd2+ 22. Qxd2 fxe4 23. dxe4 c4 24. Qe3 Rab8 25. O-O c3 26. Bc1 Kh7 27. Ra2 Qf7 28. Qd3 Nd7 29. Be3 Rfc8 30. f3 Nc5 31. Qc2 Qc7 32. Rf2 Rf8 33. Ra1 Rbc8 34. Kf1 Kg8 35. Ke2 Qb7 36. Rd1 Rf7 37. Bxc5 dxc5 38. Qd3 c4 39. bxc4 Kh7 40. Rb1 Qc7 41. Kd1 Qc5 42. Re2 Rfc7 43. Kc2 Qd6 44. f4 Rxc4 45. fxe5 Qxe5 46. g3 Rd4 47. Qe3 Rcc4 48. Kb3 Rxe4 49. Qd3 Rcd4 50. Rxe4 Qxd5+ 0-1

[Event "PRO League KO Stage"]
[Site "Chess.com INT"]
[Date "2017.03.08"]
[Round "2"]
[White "Lenderman, Aleksandr"]
[Black "Lesiege, Alexandre"]
[Result "0-1"]
[WhiteElo "2578"]
[BlackElo "2525"]
[WhiteFideId "-1"]
[WhiteFideId "-1"]
[PlyCount "84"]
[GameId "1096181901914112"]
[EventDate "2017.03.01"]
[EventType "team-k.o. (rapid)"]
[EventRounds "5"]
[EventCountry "USA"]
[SourceTitle "CBM 177 Extra"]
[Source "ChessBase"]
[SourceDate "2017.04.27"]
[SourceVersion "1"]
[SourceVersionDate "2017.04.27"]
[SourceQuality "1"]
[WhiteTeam "Montclair Sopranos"]
[BlackTeam "Montreal ChessBrahs"]
[WhiteTeamCountry "USA"]
[BlackTeamCountry "CAN"]

1. e4 e5 2. Nf3 Nc6 3. Bb5 a6 4. Ba4 Nf6 5. O-O Be7 6. Re1 b5 7. Bb3 d6 8. a4 b4 9. d4 Bg4 10. dxe5 Nxe5 11. Nbd2 O-O 12. h3 Bh5 13. g4 Nxf3+ 14. Nxf3 Bg6 15. e5 Nd7 16. exd6 Bxd6 17. Bg5 Nf6 18. Nh4 Bc5 19. Qf3 Qd4 20. Be3 Qe5 21. g5 Nh5 22. Nxg6 hxg6 23. Bxf7+ Kh7 24. Bxc5 Qxc5 25. Bxg6+ Kxg6 26. Re6+ Kh7 27. Qxh5+ Kg8 28. Qh4 Rf5 29. g6 Rh5 30. Qf4 Rf8 31. Qe3 Qf5 32. Kg2 Rg5+ 33. Kf1 Qxc2 34. Re1 Rgf5 35. Re2 Qc4 36. Kg2 Qd5+ 37. Qe4 Rg5+ 38. Kh2 Qd1 39. Qh1 Qd4 40. Qe1 Qf4+ 41. Kh1 Qf3+ 42. Kh2 Qg2# 0-1

[Event "PRO League KO Stage"]
[Site "Chess.com INT"]
[Date "2017.03.08"]
[Round "2"]
[White "Lesiege, Alexandre"]
[Black "Checa, Nicolas"]
[Result "0-1"]
[WhiteElo "2525"]
[BlackElo "2400"]
[WhiteFideId "-1"]
[WhiteFideId "-1"]
[PlyCount "70"]
[GameId "1096181901983744"]
[EventDate "2017.03.01"]
[EventType "team-k.o. (rapid)"]
[EventRounds "5"]
[EventCountry "USA"]
[SourceTitle "CBM 177 Extra"]
[Source "ChessBase"]
[SourceDate "2017.04.27"]
[SourceVersion "1"]
[SourceVersionDate "2017.04.27"]
[SourceQuality "1"]
[WhiteTeam "Montreal ChessBrahs"]
[BlackTeam "Montclair Sopranos"]
[WhiteTeamCountry "CAN"]
[BlackTeamCountry "USA"]

1. d4 d5 2. c4 c6 3. Nf3 Nf6 4. e3 Bf5 5. Nc3 e6 6. Nh4 Be4 7. f3 Bg6 8. Qb3 Qc7 9. Bd2 Be7 10. cxd5 cxd5 11. Nxg6 hxg6 12. O-O-O Nc6 13. Kb1 a6 14. Rc1 O-O 15. Qd1 b5 16. g4 Qd7 17. h4 Na5 18. f4 Nc4 19. h5 b4 20. Ne2 Ne4 21. Be1 Nxe3 22. Qd3 Nxf1 23. Rxf1 Rfc8 24. hxg6 Rxc1+ 25. Nxc1 fxg6 26. f5 gxf5 27. gxf5 exf5 28. Qh3 Rc8 29. Nd3 Qc6 30. Qg2 Bg5 31. Bxb4 Qb5 32. Qe2 a5 33. a4 Qxa4 34. Be1 Rc4 35. Rxf5 Nd2+ 0-1

[Event "PRO League KO Stage"]
[Site "chess.com INT"]
[Date "2017.03.08"]
[Round "2"]
[White "Lesiege, Alexandre"]
[Black "Charbonneau, Pascal"]
[Result "1/2-1/2"]
[WhiteElo "2525"]
[BlackElo "2505"]
[WhiteFideId "-1"]
[WhiteFideId "-1"]
[PlyCount "83"]
[GameId "2130307635420326"]
[EventDate "2017.03.01"]
[EventType "k.o."]
[EventRounds "5"]
[EventCountry "USA"]
[SourceTitle "The Week in Chess 1166"]
[Source "Mark Crowther"]
[SourceDate "2017.03.13"]
[SourceVersion "1"]
[SourceVersionDate "2017.03.13"]
[SourceQuality "2"]
[WhiteTeam "Montreal ChessBrahs"]
[BlackTeam "Montclair Sopranos"]

1. d4 d5 2. c4 e6 3. Nf3 Nf6 4. g3 Bb4+ 5. Bd2 Bd6 6. Bg2 c6 7. Qc2 Nbd7 8. O-O O-O 9. Rd1 Ne4 10. Be1 f5 11. Nc3 Qe7 12. e3 g5 13. Rab1 g4 14. Nh4 Ndf6 15. Ne2 Bd7 16. b4 Ng5 17. Nf4 dxc4 18. Qxc4 Nd5 19. Nd3 Be8 20. Qc2 Rc8 21. Qe2 Bf7 22. Bd2 Nf6 23. Rbc1 Nfe4 24. Nc5 Bh5 25. Be1 Qf7 26. Nd3 Qg7 27. Nf4 Qf7 28. a3 a6 29. Rc2 Rcd8 30. Kh1 Nf6 31. Kg1 Nd5 32. Rcc1 Rd7 33. Bd2 Rfd8 34. Nd3 Nf6 35. Nc5 Re7 36. Bc3 Nd5 37. Bb2 Nh3+ 38. Kh1 Ng5 39. Kg1 Nh3+ 40. Kh1 Ng5 41. Kg1 Nh3+ 42. Kh1 1/2-1/2

[Event "PRO League KO Stage"]
[Site "chess.com INT"]
[Date "2017.03.15"]
[Round "3"]
[White "Lesiege, Alexandre"]
[Black "Perez Ponsa, Federico"]
[Result "1-0"]
[WhiteElo "2525"]
[BlackElo "2577"]
[WhiteFideId "-1"]
[WhiteFideId "-1"]
[PlyCount "91"]
[GameId "2130307635424473"]
[EventDate "2017.03.01"]
[EventType "k.o."]
[EventRounds "5"]
[EventCountry "USA"]
[SourceTitle "The Week in Chess 1167"]
[Source "Mark Crowther"]
[SourceDate "2017.03.20"]
[SourceVersion "1"]
[SourceVersionDate "2017.03.20"]
[SourceQuality "2"]
[WhiteTeam "Montreal ChessBrahs"]
[BlackTeam "Buenos Aires Krakens"]

1. d4 Nf6 2. c4 g6 3. Nc3 Bg7 4. e4 d6 5. Nf3 O-O 6. Be2 e5 7. O-O Nc6 8. d5 Ne7 9. Ne1 Nd7 10. Be3 f5 11. f3 f4 12. Bf2 g5 13. Rc1 Rf6 14. Nd3 Rh6 15. c5 Qe8 16. Nb5 Qh5 17. h4 Ng6 18. g4 fxg3 19. Bxg3 Nf6 20. Nxc7 gxh4 21. Bh2 Rb8 22. cxd6 Qg5+ 23. Kf2 Nh5 24. Ne6 Qf6 25. Ndc5 Nf8 26. Bb5 h3 27. Rg1 Qh4+ 28. Kf1 Rf6 29. d7 Bxd7 30. Bxd7 b6 31. Nxg7 Nxg7 32. Ne6 Nfxe6 33. Bxe6+ Kh8 34. Bxe5 h2 35. Rh1 Rbf8 36. Bf5 Rxf5 37. exf5 Qh3+ 38. Kf2 Qh4+ 39. Bg3 Qg5 40. Bxh2 Nxf5 41. Rg1 Qh4+ 42. Bg3 Qf6 43. Qd3 Nd4 44. Rc3 Nf5 45. Qe4 Ng7 46. Be5 1-0

[Event "PRO League KO Stage"]
[Site "chess.com INT"]
[Date "2017.03.15"]
[Round "3"]
[White "Mareco, Sandro"]
[Black "Lesiege, Alexandre"]
[Result "1-0"]
[WhiteElo "2664"]
[BlackElo "2525"]
[WhiteFideId "-1"]
[WhiteFideId "-1"]
[PlyCount "79"]
[GameId "2130307635424476"]
[EventDate "2017.03.01"]
[EventType "k.o."]
[EventRounds "5"]
[EventCountry "USA"]
[SourceTitle "The Week in Chess 1167"]
[Source "Mark Crowther"]
[SourceDate "2017.03.20"]
[SourceVersion "1"]
[SourceVersionDate "2017.03.20"]
[SourceQuality "2"]
[WhiteTeam "Buenos Aires Krakens"]
[BlackTeam "Montreal ChessBrahs"]

1. Nf3 Nf6 2. c4 c5 3. d4 cxd4 4. Nxd4 Nc6 5. Nc3 e6 6. a3 Bc5 7. Nb3 Bb6 8. c5 Bc7 9. g3 O-O 10. Bg2 b6 11. O-O Be5 12. a4 bxc5 13. Nxc5 d5 14. e4 Rb8 15. exd5 exd5 16. Nd3 Bg4 17. f3 Bd4+ 18. Kh1 Bf5 19. Nb5 Bb6 20. Bf4 Ra8 21. Rc1 Nd4 22. Nd6 Bg6 23. Nb7 Qe7 24. Ndc5 Bxc5 25. Nxc5 Ne6 26. Re1 Qxc5 27. Rxc5 Nxc5 28. Bf1 Rfd8 29. b4 Ne6 30. Be5 d4 31. Ba6 d3 32. Bb7 d2 33. Rg1 Rab8 34. Bxb8 Rxb8 35. Bc6 Rd8 36. Rg2 Bc2 37. Qxd2 Rxd2 38. Rxd2 Bb3 39. a5 Kf8 40. b5 1-0